| 000 | 00330nam a2200133Ia 4500 | ||
|---|---|---|---|
| 008 | 230917s9999||||xx |||||||||||||| ||und|| | ||
| 040 |
_e158366 _aMAIN |
||
| 041 | _aEnglish | ||
| 082 | _a150 A51P | ||
| 100 | _aAnil Kumar | ||
| 245 | 0 | _aPsycho-social factors underlying cardiovascular diseases | |
| 300 | _a181 p. | ||
| 942 | _cTH | ||
| 999 |
_c125076 _d125076 |
||